MKP simulácia procesov obrábania

Salvato in:
Dettagli Bibliografici
Autore principale: Hrbáček, Lukáš (Autore)
Altri autori: Necpal, Martin (Relatore della tesi)
Natura: Manoscritto Libro
Lingua:slovacco
Pubblicazione: 2023
Soggetti:
Accesso online:http://is.stuba.sk/zp/portal_zp.pl?podrobnosti=171068
Tags: Aggiungi Tag
Nessun Tag, puoi essere il primo ad aggiungerne!!

MARC

LEADER 00000ntm a22000003a 4500
001 stuzp93308
003 SK-STU
005 20230909214629.4
007 ta
008 150427s2015----xo-----f-mn---000-0-slo-d
040 |a STU  |b slo 
041 0 |a slo 
100 1 |a Hrbáček, Lukáš  |u 063000  |4 aut  |U MTF Materiálovotechnologická fakulta  |T MTF Ústav výrobných technológií  |X 96780  |U M3000  |Y 83  |7 96780 
242 0 1 |a FEM simulation of machining processes  |y eng 
245 1 0 |a MKP simulácia procesov obrábania 
260 |c 2023 
650 4 |a materiálový model  |2 slo 
650 4 |a metóda konečných prvkov  |2 slo 
650 4 |a nástroj  |2 slo 
650 4 |a simulácia  |2 slo 
650 4 |a obrobok  |2 slo 
650 4 |a sieť  |2 slo 
650 4 |a trieska  |2 slo 
650 4 |a ABAQUS  |2 slo 
650 4 |a material model  |2 eng 
650 4 |a finite element method  |2 eng 
650 4 |a simulation  |2 eng 
650 4 |a tool  |2 eng 
650 4 |a workpiece  |2 eng 
650 4 |a mesh  |2 eng 
650 4 |a chip  |2 eng 
650 4 |a ABAQUS  |2 eng 
700 1 |a Necpal, Martin  |u 063200  |k Z1  |4 ths  |U MTF Ústav výrobných technológií  |T MTF Katedra obrábania a počítačovej podpory technológií  |X 20985  |U M3200  |Y 164  |7 A000020985 
856 4 |u http://is.stuba.sk/zp/portal_zp.pl?podrobnosti=171068 
996 |c M* DP-15129  |l MMSKP  |s P  |a 0  |w stuzp93308_0001